000 00562nam a2200181Ia 4500
003 IN-BaIIA
008 211028s9999 xx 000 0 eng d
020 _a0-13-039173-5
040 _cIIA Library
080 _a681.382.4
_bSOC
100 _aSoclof, Sidney
_932195
245 0 _aApplications of analog integrated circuits
_cSidney Soclof
260 _aNew Jersey
_bPrentice-Hall
_c1985
300 _axiii, 538p.
650 _aAnalog electronic systems
_932196
650 _aintegrated circuits
_93314
942 _cBK
999 _c17105
_d17105